MARC details
| 000 -CABECERA |
| campo de control de longitud fija |
01374cam a2200241 a 4500 |
| 001 - NÚMERO DE CONTROL |
| campo de control |
000001083 |
| 005 - FECHA Y HORA DE LA ÚLTIMA TRANSACCIÓN |
| campo de control |
20200929145456.0 |
| 008 - DATOS DE LONGITUD FIJA--INFORMACIÓN GENERAL |
| campo de control de longitud fija |
730509s1963 xx a 001 0 spa |
| 040 ## - FUENTE DE LA CATALOGACIÓN |
| Centro catalogador/agencia de origen |
DO-SdBNP |
| Lengua de catalogación |
spa |
| Centro/agencia transcriptor |
BNPHU |
| 082 ## - NÚMERO DE LA CLASIFICACIÓN DECIMAL DEWEY |
| Número de clasificación |
922.972 |
| Número de documento/Ítem |
B982e |
| 100 1# - ENTRADA PRINCIPAL--NOMBRE DE PERSONA |
| Nombre de persona |
Bustamante, Carlos María de, |
| Fechas asociadas al nombre |
1774-1848. |
| 9 (RLIN) |
3701 |
| 245 10 - MENCIÓN DE TÍTULO |
| Título |
Tres estudios sobre don José María Morelos y Pavon / |
| Mención de responsabilidad, etc. |
Carlos María de Bustamante. |
| 260 ## - PUBLICACIÓN, DISTRIBUCIÓN, ETC. |
| Lugar de publicación, distribución, etc. |
México, |
| Fecha de publicación, distribución, etc. |
1963. |
| 300 ## - DESCRIPCIÓN FÍSICA |
| Extensión |
125 p. : |
| Otras características físicas |
il. ; |
| Dimensiones |
23 cm. |
| 490 1# - MENCIÓN DE SERIE |
| Mención de serie |
Biblioteca Nacional de México. Instituto Bibliográfico Mexicano. Publicaciones ; |
| Designación de volumen o secuencia |
9 |
| 500 ## - NOTA GENERAL |
| Nota general |
Incluye notas al pie de las páginas |
| 505 0# - NOTA DE CONTENIDO CON FORMATO |
| Nota de contenido con formato |
Nota preliminar, por M. Alcala.- El Lic. don Carlos María de Bustamente y don José María Morelos y Pavon, por A. Martínez Báez.-Reseña bibliográfica, por J.I. Mantecon (p. 31-32) - Elogio histórico del general don José María Morelos y Pavon.- El Centzontli, num. 1: Análisis de los cargos hechos por la Inquisición de México al señor general D. José María Morelos.- Historia militar del general don José María Morelos. |
| 600 14 - PUNTO DE ACCESO ADICIONAL DE MATERIA--NOMBRE DE PERSONA |
| Nombre de persona |
MORELOS, JOSÉ MARÍA, |
| Fechas asociadas al nombre |
1765-1815 |
| Información miscelánea |
SACERDOTE |
| Subdivisión geográfica |
MÉXICO |
| 9 (RLIN) |
3702 |
| 650 #4 - PUNTO DE ACCESO ADICIONAL DE MATERIA--TÉRMINO DE MATERIA |
| Término de materia o nombre geográfico como elemento de entrada |
Independencia |
| Subdivisión geográfica |
México |
| 9 (RLIN) |
3703 |
| 700 1# - PUNTO DE ACCESO ADICIONAL--NOMBRE DE PERSONA |
| Nombre de persona |
Martínez Báez, Antonio. |
| 9 (RLIN) |
3704 |
| 830 #0 - PUNTO DE ACCESO ADICIONAL DE SERIE-TÍTULO UNIFORME |
| Título uniforme |
Biblioteca Nacional de México. Instituto Bibliográfico Mexicano. Publicaciones ; |
| Designación de volumen o secuencia |
9 |
| 9 (RLIN) |
3705 |
| 910 ## - DATOS DE OPCIÓN DEL USUARIO (OCLC) |
| Datos de opción del usuario |
En proceso |